000 00310nam a2200097Ia 4500
008 220204s9999 xx 000 0 und d
082 _a339.1(540)
_bIND
245 0 _aIndia's trade with East Europe: A study by the Indian Institute of Foreign trade
260 _aNew Delhi
_bMinistry of Commerce
_c1966
942 _cBK
999 _c22219
_d22219